Taksonomi tumbuhan (taksonomi khusus)

Bibliographic Details
Main Author: Tjitrosoepomo, Gembong (Author)
Format: Book
Published: Jakarta : Bhratara Karya Aksara , 1981
Subjects:

MARC

LEADER 00000cam a2200000 7i4500
001 0000003641
005 20021118093000.0
008 021118n
090 0 0 |a QK95   |b .T54 
100 0 |a Tjitrosoepomo, Gembong ,   |e author 
245 0 0 |a Taksonomi tumbuhan (taksonomi khusus)   |c Gembong Tjitrosoepomo 
260 2 |a Jakarta :   |b Bhratara Karya Aksara ,   |c 1981 
300 |a 293 ms. ;   |c 21 sm. 
650 0 |a Botany   |x Classification 
999 |a 1000032625   |b Book   |c OPEN SHELF (30 DAYS)   |e Tembila Campus 
999 |a 1000032626   |b Book   |c OPEN SHELF (30 DAYS)   |e Tembila Campus